Villes d'Île-de-France par zoom sur Maps - Statistiques

Statistiques générales
  • Ce quiz a été pris 112 fois
  • Le résultat moyen est 8 sur 19
Statistiques - réponses
ZOOM Ville % Correct
1 75 Paris
100%
2 78 Versailles
88%
5 93 Saint-Denis
80%
6 95 Cergy
66%
5 77 Melun
64%
4 95 Argenteuil
61%
5 77 Meaux
58%
5 78 Mantes-la-Jolie
56%
3 78 Saint-Germain-en-Laye
42%
4 93 Aulnay-sous-Bois
32%
5 91 Étampes
31%
5 93 Noisy-le-Grand
29%
5 77 Provins
22%
6 94 Champigny-sur-Marne
18%
5 77 Montereau-Fault-Yonne
10%
5 77 Nemours
10%
5 77 La {Ferté-Gaucher}
5%
5 77 Bray-sur-Seine
0%
5 77 Souppes-sur-Loing
0%
Aucun quiz correspondant
Distribution des résultats
% des personnes avec chaque résultat
Percentile par nombre de réponses
Votre historique - résultats
Vous n’avez pas pris ce quiz